Southville International School and Colleges
Your cart is empty.
  • Cart
  • Lists
    Public lists Eva Luna New books Lux_list list_1
    Your lists Log in to create your own lists
  • Log in to your account
  • Your cookies
  • Search history
Southville International School and Colleges
  • Advanced search
  • Recent comments
  • Most popular
  • Libraries

Log in to your account

Log in with GOOGLE


If you do not have an external account, but do have a local account, you can still log in:

  1. Home
  2. MARC view: Holy bible :
Normal view MARC view ISBD view

Holy bible : (Record no. 359519)

[ view plain ]
MARC details
000 -LEADER
fixed length control field 00791nam a2200253Ia 4500
008 - FIXED-LENGTH DATA ELEMENTS--GENERAL INFORMATION
fixed length control field 181129s9999 xx 000 0 und d
050 ## - LIBRARY OF CONGRESS CALL NUMBER
Classification number 220.5
050 ## - LIBRARY OF CONGRESS CALL NUMBER
Item number H761 [2002]
245 #0 - TITLE STATEMENT
Title Holy bible :
245 #0 - TITLE STATEMENT
Remainder of title God's word for the Philippines /
260 ## - PUBLICATION, DISTRIBUTION, ETC. (IMPRINT)
Place of publication, distribution, etc Shelbyville, Tennessee :
260 ## - PUBLICATION, DISTRIBUTION, ETC. (IMPRINT)
Name of publisher, distributor, etc Bible & Literature Missionary Foundation,
260 ## - PUBLICATION, DISTRIBUTION, ETC. (IMPRINT)
Date of publication, distribution, etc [2002]
300 ## - PHYSICAL DESCRIPTION
Extent 268 pages :
300 ## - PHYSICAL DESCRIPTION
Other physical details illustrations ;
300 ## - PHYSICAL DESCRIPTION
Dimensions 19cm.
500 ## - GENERAL NOTE
General note The old and new testaments. Translated out of the original tongues and with the former translations diligently compared and revised.
650 ## - SUBJECT ADDED ENTRY--TOPICAL TERM
Topical term or geographic name as entry element Bible --
650 ## - SUBJECT ADDED ENTRY--TOPICAL TERM
Topical term or geographic name as entry element Bible --
650 ## - SUBJECT ADDED ENTRY--TOPICAL TERM
Topical term or geographic name as entry element Bible stories, English.
650 ## - SUBJECT ADDED ENTRY--TOPICAL TERM
General subdivision Apocrypha.
650 ## - SUBJECT ADDED ENTRY--TOPICAL TERM
General subdivision Gospels.
700 ## - ADDED ENTRY--PERSONAL NAME
Personal name Bible & Literature Missionary Foundation.
Holdings
Withdrawn status Lost status Damaged status Home library Current library Shelving location Date acquired Total Checkouts Full call number Barcode Date last seen Price effective from Koha item type
      Stonyhurst Southville International School (Malarayat) Stonyhurst Southville International School (Malarayat)   11/29/2018   REL 220.5 H761 [2002] SSISM5614 11/29/2018 11/29/2018 Books

Holy bible :

APA

Bible & Literature Missionary Foundation, .Holy bible. Shelbyville, Tennessee: .

Chicago

Bible & Literature Missionary Foundation, .Holy bible. Shelbyville, Tennessee: .

Harvard

Bible & Literature Missionary Foundation, .Holy bible. Shelbyville, Tennessee: .

MLA

Bible & Literature Missionary Foundation, .Shelbyville, Tennessee: . .

  • Place hold
  • Print
  • Cite
  • Add to your cart (remove)
  • Save record
    BIBTEX Dublin Core MARCXML MARC (non-Unicode/MARC-8) MARC (Unicode/UTF-8) MARC (Unicode/UTF-8, Standard) MODS (XML) RIS
  • More searches
    Search for this title in:
    Other Libraries (WorldCat) Other Databases (Google Scholar) Online Stores (Bookfinder.com) Open Library (openlibrary.org)

Exporting to Dublin Core...

SOUTHVILLE LIBRARY

Southville International School and Colleges Library

1281 Tropical Ave. Cor. Luxembourg St., BF Homes International, Las Pinas City

Tel. No. 8256374 / 252358 Loc. 117/146

Powered by Koha